<?xml version="1.0" encoding="UTF-8"?>
<record
    xmlns:xsi="http://www.w3.org/2001/XMLSchema-instance"
    xsi:schemaLocation="http://www.loc.gov/MARC21/slim http://www.loc.gov/standards/marcxml/schema/MARC21slim.xsd"
    xmlns="http://www.loc.gov/MARC21/slim">

  <leader>01139    a2200157   4500</leader>
  <controlfield tag="003">OSt</controlfield>
  <controlfield tag="005">20260204154212.0</controlfield>
  <controlfield tag="008">260204b        |||||||| |||| 00| 0 eng d</controlfield>
  <datafield tag="020" ind1=" " ind2=" ">
    <subfield code="a">9789391558291</subfield>
  </datafield>
  <datafield tag="100" ind1=" " ind2=" ">
    <subfield code="a">&#x92E;&#x94B;&#x921;&#x915; &#x90F;.</subfield>
    <subfield code="9">216606</subfield>
  </datafield>
  <datafield tag="245" ind1=" " ind2=" ">
    <subfield code="a">&#x935;&#x93F;&#x935;&#x947;&#x915;&#x93E;&#x928;&#x902;&#x926; &#x91A;&#x93F;&#x930;&#x902;&#x924;&#x928; &#x91A;&#x948;&#x924;&#x928;&#x94D;&#x92F;&#x93E;&#x91A;&#x93E; &#x938;&#x94D;&#x930;&#x94B;&#x924; </subfield>
  </datafield>
  <datafield tag="260" ind1=" " ind2=" ">
    <subfield code="b">&#x92D;&#x93E;&#x930;&#x924;&#x940;&#x92F;  &#x935;&#x93F;&#x91A;&#x93E;&#x930;  &#x938;&#x93E;&#x927;&#x928;&#x93E;  &#x92A;&#x94D;&#x930;&#x915;&#x93E;&#x936;&#x928; </subfield>
    <subfield code="c">2014</subfield>
    <subfield code="a">&#x92A;&#x941;&#x923;&#x947; </subfield>
  </datafield>
  <datafield tag="300" ind1=" " ind2=" ">
    <subfield code="a">148pp.</subfield>
  </datafield>
  <datafield tag="520" ind1=" " ind2=" ">
    <subfield code="a">&#x938;&#x94D;&#x935;&#x93E;&#x92E;&#x940; &#x935;&#x93F;&#x935;&#x947;&#x915;&#x93E;&#x928;&#x902;&#x926;&#x93E;&#x902;&#x91A;&#x94D;&#x92F;&#x93E; &#x91C;&#x940;&#x935;&#x928;&#x93E;&#x924;&#x940;&#x932; &#x938;&#x902;&#x938;&#x94D;&#x92E;&#x930;&#x923;&#x940;&#x92F; &#x92A;&#x94D;&#x930;&#x938;&#x902;&#x917;. &#x928;&#x930;&#x947;&#x902;&#x926;&#x94D;&#x930;&#x928;&#x93E;&#x925;&#x93E;&#x902;&#x91A;&#x94D;&#x92F;&#x93E; &#x906;&#x908; &#x936;&#x94D;&#x930;&#x940;&#x92E;&#x924;&#x940; &#x92D;&#x941;&#x935;&#x928;&#x947;&#x936;&#x94D;&#x935;&#x930;&#x940;&#x926;&#x947;&#x935;&#x940; &#x92F;&#x93E; &#x909;&#x92E;&#x926;&#x94D;&#x92F;&#x93E; &#x938;&#x94D;&#x935;&#x92D;&#x93E;&#x935;&#x93E;&#x91A;&#x94D;&#x92F;&#x93E; &#x938;&#x94D;&#x924;&#x94D;&#x930;&#x940; &#x939;&#x94B;&#x924;&#x94D;&#x92F;&#x93E;. &#x91C;&#x940;&#x935;&#x928;&#x93E;&#x924;&#x940;&#x932; &#x928;&#x902;&#x924;&#x930;&#x91A;&#x94D;&#x92F;&#x93E; &#x915;&#x93E;&#x933;&#x93E;&#x924; &#x938;&#x94D;&#x935;&#x93E;&#x92E;&#x940; &#x935;&#x93F;&#x935;&#x947;&#x915;&#x93E;&#x928;&#x902;&#x926; &#x935;&#x93E;&#x930;&#x902;&#x935;&#x93E;&#x930; &#x92E;&#x94D;&#x939;&#x923;&#x924; &#x905;&#x938;&#x924; : '&#x92E;&#x93E;&#x91D;&#x94D;&#x92F;&#x93E; &#x92C;&#x94C;&#x926;&#x94D;&#x927;&#x93F;&#x915; &#x935;&#x93F;&#x915;&#x93E;&#x938;&#x93E;&#x938;&#x93E;&#x920;&#x940; &#x92E;&#x93E;&#x91D;&#x94D;&#x92F;&#x93E; &#x906;&#x908;&#x91A;&#x93E; </subfield>
  </datafield>
  <datafield tag="942" ind1=" " ind2=" ">
    <subfield code="c">BK</subfield>
    <subfield code="2">ddc</subfield>
  </datafield>
  <datafield tag="999" ind1=" " ind2=" ">
    <subfield code="c">370182</subfield>
    <subfield code="d">370182</subfield>
  </datafield>
  <datafield tag="952" ind1=" " ind2=" ">
    <subfield code="0">0</subfield>
    <subfield code="1">0</subfield>
    <subfield code="2">ddc</subfield>
    <subfield code="4">0</subfield>
    <subfield code="7">0</subfield>
    <subfield code="8">MCA</subfield>
    <subfield code="a">001</subfield>
    <subfield code="b">001</subfield>
    <subfield code="d">2026-02-03</subfield>
    <subfield code="e">188</subfield>
    <subfield code="g">105.00</subfield>
    <subfield code="l">0</subfield>
    <subfield code="p">KBJP-BK-2997</subfield>
    <subfield code="r">2026-02-03 00:00:00</subfield>
    <subfield code="v">150.00</subfield>
    <subfield code="w">2026-02-03</subfield>
    <subfield code="y">BK</subfield>
    <subfield code="z">2997</subfield>
  </datafield>
</record>
